1190 1886 1088 1483 1805 1333 1783 1620 1341 1468 1871 1788 1351 1551 1988 1951 1696 1745 1237 1429 1790 1803 1690 1481 1114 1781 1071 1900 1629 1258 1180 1796 1046 1661 1767 1325 1854 1130 1550 1575 1561 1649 1924 1054 2000 1169 1523 1056 1505 1852 1808 1830 1304 1205 1571 1518 1134 1763 1716 1611 1131 1896 1745 1222 1670 1522 1250 1138 1310 1408 1123 1012 1094 1316 1593 1525 1707 1377 1373 1702 1673 1520 1575 1478 1002 1767 1813 1383 1555 1717 1626 1872 1663 1784 1849 1078 1710 1445 1257 BCNSPRNW ULIB Ver.6.0+V

เปลี่ยนเป็นภาษาไทย

Change to English
 แสดงรายละเอียดบรรณานุกรม
  กลับหน้าหลัก

Brief Record : Get Marc (ISO 2709) : E-mail record : QR code < ปิดหน้าต่าง
LEADER : 00000nam 2200000uu 4500
001    13399111381
003     ULIB
008    110623s2000||||th 000 0 eng d
020    1556424159
024    6781556424151
060  4 WQ200^bS837 2000
100 1  Stephenson,Rebecca G.
245 10 Obstetric and gynecologic care in physical therapy /^cRebecca G. Stephenson, Linda J. OConnor.
250    2nd ed.
260    Thorofare,N.J.:^bSlack Inc.;^c2000.
300    xvi, 322 p. :^bill. ;^c29 cm.
650  0 Womens Health
650  2 Obstetrics
650  2 Physical therapy^xpregnancy.
650  2 Pregnancy complications, Infectious.
650  2 Physical therapy^xmethods.
700 0  O Connor, Linda J.
945    ^p1355^l0^i012454
995     Kesorn
999 ^a ใช้งานได้ทุกระบบ
รายการนี้ยังไม่มีแท็ก
คุณยังไม่ได้ล็อกอิน คุณสามารถมีกิจกรรมร่วมกับเว็บไซต์ได้ แต่ต้องล็อกอินก่อน ::
  ล็อกอิน

รายการสื่อสารสนเทศ

ลำดับที่ ประเภท เลขเรียก/บาร์โค้ด สถานที่ สถานะ
- ไม่พบข้อมูล -

รายการใกล้เคียง
    หัวเรื่อง [Obstetrics]

BibComment


ยังไม่เคยถูกคอมเมนท์

คอมเมนท์ทรัพยากรรายการนี้
  คอมเมนท์: Obstetric and gyn..


 Copyright 2026. Bcnsprnw @Library